=LDR 00000nam 2200000 4500 =001 INLIS000000000034633 =005 20130612140530 =008 ***********************************ind** =035 ##$$0010-061300000034633 =041 ##$$a ind =082 ##$$a 813 =090 ##$$a 813, Pus s =100 ##$$a Puspitadewi, Windhy =245 ##$$a She/Windhy Puspitadewi =260 ##$$a 2007 $b Jakarta =300 ##$$a 256 hlm., 20 cm =650 ##$$a Fiksi Dewasa - Indonesia =850 ##$$a NBPNMAT